| 000 | 01697cam a2200421 i 4500 | ||
|---|---|---|---|
| 001 | 23328193 | ||
| 005 | 20241105151351.0 | ||
| 008 | 230926s2013 pk d bs 001 0 eng | ||
| 010 | _a 2023315251 | ||
| 020 |
_a9789694949291 _q(hardback) |
||
| 037 | _bLibrary of Congress -- Islamabad Overseas Office | ||
| 040 |
_aDLC _beng _cDLC _erda |
||
| 042 |
_alcode _apcc |
||
| 043 | _aa-pk--- | ||
| 050 | 0 | 0 |
_aRG106.4. P18 _bR47 2013 |
| 082 |
_a362.19820954 _bREP |
||
| 245 | 0 | 0 |
_aReproductive, maternal, child health and nutrition in Pakistan : _bopportunities for changes / _cedited by Zulfiqar A Bhutta. |
| 246 | 1 |
_iTitle on title page verso: _aReproductive, maternal, child health & nutrition in Pakistan |
|
| 250 | _aFirst edition. | ||
| 264 | 1 |
_aKarachi : _bParamount Publishing Enterprise, _c2013. |
|
| 300 |
_ax, 236 pages : _bcharts ; _c24 cm |
||
| 336 |
_atext _btxt _2rdacontent |
||
| 337 |
_aunmediated _bn _2rdamedia |
||
| 338 |
_avolume _bnc _2rdacarrier |
||
| 504 | _aIncludes statistical tables. | ||
| 504 | _aIncludes bibliographical references and index. | ||
| 650 | 0 |
_aReproductive health _zPakistan. _9126754 |
|
| 650 | 0 |
_aChildren _xNutrition _zPakistan. _9126755 |
|
| 650 | 0 |
_aChildren _xHealth and hygiene _zPakistan. _9126756 |
|
| 650 | 0 |
_aMothers _xHealth and hygiene _zPakistan. _9126757 |
|
| 650 | 0 |
_aMothers _xNutrition _zPakistan. _9126758 |
|
| 650 | 0 |
_aMaternal health services _zPakistan. _9126759 |
|
| 700 | 1 |
_aBhutta, Zulfiqar Ahmed, _d1955- _eeditor. _9126760 |
|
| 906 |
_a7 _bcbc _corigode _d3 _encip _f20 _gy-gencatlg |
||
| 942 |
_2ddc _cBK |
||
| 999 |
_c612216 _d612216 |
||